000 00309nam a22001337a 4500
008 181012b xxu||||| |||| 00| 0 eng d
020 _a9780838514566
041 _aeng
080 _21th
_a617
100 _a5
101 _aKIR
245 _aCurrent Surgical Diagnosis & Treatment
_cWay,L.W
942 _2udc
_cBK
999 _c49558
_d49558